[Event "Golden Jubilee Club Championship"]
[Site "Box Hill"]
[Date "2002.04.19"]
[Round "2.15"]
[White "Flude, David A"]
[Black "Lindberg, Gordon"]
[Result "1-0"]
[WhiteElo "1746"]
[BlackElo "1710"]
[Annotator "jd"]
[PlyCount "55"]
[EventDate "2002.04.12"]

1. d4 Nf6 2. Nc3 e6 3. e4 d5 4. e5 Nfd7 5. Nce2 c5 6. c3 Nc6 7. f4 Be7 8. Nf3
O-O 9. g3 f6 10. Bh3 Nb6 11. O-O fxe5 12. Nxe5 Nxe5 13. fxe5 Nc4 14. b3 Na5 15.
Nf4 Qb6 16. Be3 Bd7 17. Nxd5 exd5 18. Bxd7 Rad8 19. Qg4 cxd4 20. Bxd4 Bc5 21.
Qe6+ Kh8 22. Rxf8+ Rxf8 23. Qxb6 Bxb6 24. Rf1 Rxf1+ 25. Kxf1 Bxd4 26. cxd4 Nc6
27. Bxc6 bxc6 28. b4 {Scoresheet error, white won after 40 moves
} 1-0

[Event "Golden Jubilee Club Championship"]
[Site "Box Hill"]
[Date "2002.04.19"]
[Round "2.16"]
[White "Lindberg, Douglas"]
[Black "Palit, Vikram"]
[Result "1-0"]
[WhiteElo "1631"]
[BlackElo "1521"]
[Annotator "jd"]
[PlyCount "112"]
[EventDate "2002.04.12"]

1. d4 d5 2. c4 e6 3. Nc3 c6 4. Nf3 Nf6 5. Bf4 Nbd7 6. e3 Bb4 7. Rc1 Ne4 8. Bd3
Ndf6 9. O-O Bd6 10. Be5 O-O 11. Qc2 Nxc3 12. bxc3 h6 13. Bxd6 Qxd6 14. Ne5 Nd7
15. f4 Nxe5 16. fxe5 Qe7 17. Rf3 Bd7 18. Rcf1 f6 19. exf6 Rxf6 20. Rxf6 gxf6
21. Qf2 f5 22. Qf4 Qg5 23. Rf3 Qxf4 24. Rxf4 Kg7 25. g4 Kf6 26. gxf5 exf5 27.
Kf2 Rg8 28. cxd5 cxd5 29. c4 dxc4 30. Bxc4 Rc8 31. Bd3 Kg5 32. h4+ Kg6 33. e4
fxe4 34. Bxe4+ Kg7 35. Bxb7 Rc2+ 36. Ke3 Rxa2 37. Bd5 Ra3+ 38. Ke4 Kg6 39. Ke5
a5 40. Bf7+ Kg7 41. Bh5 Re3+ 42. Kd6 Bh3 43. Rf7+ Kg8 44. d5 a4 45. Ra7 a3 46.
Bf7+ Kf8 47. Be6 Bxe6 48. dxe6 Rd3+ 49. Ke5 Re3+ 50. Kf6 Rf3+ 51. Kg6 Re3 52.
Kf5 Ke8 53. h5 Rh3 54. Kg6 Re3 55. Ra8+ Ke7 56. Kxh6 Kxe6 1-0

[Event "Golden Jubilee Club Championship"]
[Site "Box Hill"]
[Date "2002.04.19"]
[Round "2.18"]
[White "Suderson, Sunilson"]
[Black "Lee, Michelle"]
[Result "0-1"]
[WhiteElo "1558"]
[BlackElo "1671"]
[Annotator "jd"]
[PlyCount "58"]
[EventDate "2002.04.12"]

1. e4 c5 2. Nf3 e6 3. d4 cxd4 4. Nxd4 Nc6 5. Nb5 d6 6. Bf4 e5 7. Be3 a6 8. N5c3
Nf6 9. Bg5 Be6 10. Nd2 Be7 11. Nc4 Bxc4 12. Bxf6 Bxf1 13. Bxe7 Qxe7 14. Nd5 Qh4
15. Nc7+ Ke7 16. Nxa8 Bxg2 17. Rg1 Qxe4+ 18. Qe2 Nd4 19. Qxe4 Bxe4 20. Nb6
Nxc2+ 21. Kd2 Nxa1 22. Rxa1 Bc6 23. Rg1 Kf6 24. Re1 d5 25. a4 h5 26. h4 Rh6 27.
Rg1 Rg6 28. Rxg6+ Kxg6 29. Ke3 d4+ 0-1

[Event "Golden Jubilee Club Championship"]
[Site "Box Hill"]
[Date "2002.04.19"]
[Round "2.19"]
[White "Wheelwright, Philip"]
[Black "Umber, George"]
[Result "0-1"]
[WhiteElo "1664"]
[BlackElo "1550"]
[Annotator "jd"]
[PlyCount "58"]
[EventDate "2002.04.12"]

1. e4 e6 2. d4 d5 3. Nc3 Bb4 4. a3 Bxc3+ 5. bxc3 dxe4 6. Qg4 Nf6 7. Qh4 h6 8.
Ne2 O-O 9. g4 Nh7 10. Qg3 f5 11. gxf5 exf5 12. Bxh6 Qf6 13. Bf4 Nc6 14. Rg1 Rf7
15. Be5 Qh6 16. Nf4 g5 17. Bc4 Kf8 18. Bxf7 Kxf7 19. Nh3 g4 20. Rb1 b6 21. Bf4
Qxh3 22. Qxh3 gxh3 23. Bh6 Nf6 24. Rg7+ Ke6 25. Rb5 Ng4 26. Rg6+ Kf7 27. Rg7+
Kf6 28. Rh7 Kg6 29. Rh8 Nxh6 0-1

[Event "Golden Jubilee Club Championship"]
[Site "Box Hill"]
[Date "2002.04.19"]
[Round "2.20"]
[White "Kable, John R"]
[Black "Sharman, Scot A"]
[Result "0-1"]
[WhiteElo "1523"]
[BlackElo "1658"]
[Annotator "jd"]
[PlyCount "72"]
[EventDate "2002.04.12"]

1. c4 Nf6 2. Nf3 e6 3. g3 b6 4. Bg2 Bb7 5. O-O c5 6. d3 Be7 7. Bg5 h6 8. Bf4
Nc6 9. Nc3 O-O 10. Rc1 a6 11. Qc2 d6 12. Rfd1 Qc7 13. Qb1 Rfd8 14. a3 Rac8 15.
b4 Nd7 16. b5 Nd4 17. bxa6 Nxf3+ 18. exf3 Bxa6 19. Nb5 Qb8 20. Qb3 Bb7 21. Re1
e5 22. d4 cxd4 23. g4 Nc5 24. Qd1 Ne6 25. Bd2 Qa8 26. Bb4 Bg5 27. Nxd6 Rxd6 28.
Bxd6 Bxc1 29. Rxe5 Rxc4 30. Rxe6 fxe6 31. Bf1 Rc8 32. h4 Bxf3 33. Qxd4 Qe4 34.
Qxb6 Qxg4+ 35. Bg3 Bf4 36. Qa6 Rc1 0-1

[Event "Golden Jubilee Club Championship"]
[Site "Box Hill"]
[Date "2002.04.19"]
[Round "2.21"]
[White "Wilson, Norm"]
[Black "Nemeth, Laszlo"]
[Result "0-1"]
[WhiteElo "1654"]
[BlackElo "1525"]
[Annotator "jd"]
[PlyCount "76"]
[EventDate "2002.04.12"]

1. e4 d6 2. d4 g6 3. Nf3 Bg7 4. Bc4 Nf6 5. Nc3 O-O 6. e5 dxe5 7. Nxe5 Nbd7 8.
O-O c6 9. f4 Nb6 10. Bb3 Qd6 11. Be3 Be6 12. Qe2 Bxb3 13. axb3 Nbd5 14. f5 Nxe3
15. Qxe3 Ng4 16. Qe4 Nxe5 17. dxe5 Qxe5 18. Qg4 Qd4+ 19. Qxd4 Bxd4+ 20. Kh1 Bf6
21. fxg6 hxg6 22. Rad1 Rfd8 23. g3 Rxd1 24. Rxd1 Bxc3 25. bxc3 Kf8 26. Rd7 Rb8
27. Kg2 Ke8 28. Rd2 b5 29. Kf3 a5 30. Ke4 a4 31. bxa4 bxa4 32. Rd1 Rb7 33. Kd3
Rb5 34. Ra1 Ra5 35. Kc4 c5 36. Rd1 e6 37. Kd3 Ke7 38. c4 a3 0-1

[Event "Golden Jubilee Club Championship"]
[Site "Box Hill"]
[Date "2002.04.19"]
[Round "2.22"]
[White "Turner, Adrian E"]
[Black "O'Connor, Phil"]
[Result "1/2-1/2"]
[WhiteElo "1644"]
[BlackElo "1521"]
[Annotator "jp"]
[PlyCount "53"]
[EventDate "2002.04.12"]

1. d4 Nf6 2. c3 c5 3. Nf3 e6 4. Bg5 Be7 5. Nbd2 d6 6. e4 Nbd7 7. Bd3 b6 8. O-O
Bb7 9. Qe2 Qc7 10. Rfe1 cxd4 11. cxd4 Rc8 12. Nf1 O-O 13. Rac1 Qb8 14. h3 Rfe8
15. g4 Qa8 16. Ng3 h6 17. Bd2 Bf8 18. Kg2 a6 19. Nh2 Nh7 20. f3 e5 21. d5 Be7
22. b4 Ndf8 23. Nf5 Ng6 24. Kg3 b5 25. h4 Rxc1 26. Rxc1 Qd8 27. h5 $11 1/2-1/2

[Event "Golden Jubilee Club Championship"]
[Site "Box Hill"]
[Date "2002.04.19"]
[Round "2.23"]
[White "Miller, Anthony"]
[Black "Mahic, Amir"]
[Result "1-0"]
[WhiteElo "1499"]
[BlackElo "1626"]
[Annotator "sf"]
[PlyCount "85"]
[EventDate "2002.04.12"]

1. d4 Nf6 2. Nf3 g6 3. Bf4 d6 4. Nbd2 Bg7 5. e3 O-O 6. Bc4 c6 7. c3 b5 8. Bb3
Nbd7 9. O-O Qc7 10. Re1 e5 11. Bg3 Nh5 12. Bh4 d5 13. e4 exd4 14. Nxd4 dxe4 15.
Nxe4 Bb7 16. Be7 Rfe8 17. Bxf7+ Kh8 18. Bxe8 Rxe8 19. Bd6 Qc8 20. Ng5 h6 21.
Rxe8+ Qxe8 22. Ngf3 c5 23. Qe2 Qc8 24. Ne6 Bf6 25. Ne1 Qc6 26. Rd1 a6 27. Nd8
Qe4 28. Qxe4 Bxe4 29. Ne6 c4 30. Nc5 Bf5 31. Nxd7 Bxd7 32. Be5 Bf5 33. Bxf6+
Nxf6 34. Rd6 Kg7 35. Rxa6 Nd5 36. Ra7+ Kf6 37. Rb7 Nf4 38. Rxb5 Bb1 39. a4 Ba2
40. a5 Nd3 41. Rb6+ Ke7 42. Nxd3 cxd3 43. Kf1 1-0

[Event "Golden Jubilee Club Championship"]
[Site "Box Hill"]
[Date "2002.04.19"]
[Round "2.24"]
[White "Liston, Howard"]
[Black "Redgrave, Andrew"]
[Result "1-0"]
[WhiteElo "1619"]
[BlackElo "1476"]
[Annotator "jp"]
[PlyCount "99"]
[EventDate "2002.04.12"]

1. e4 e6 2. d4 d5 3. Nd2 Nc6 4. c3 dxe4 5. Nxe4 Nf6 6. Bg5 Be7 7. Bd3 b6 8. Qf3
Bb7 9. Bxf6 gxf6 10. Bb5 Qd5 11. c4 Bb4+ 12. Kf1 Qxd4 13. Rd1 Qe5 14. Nxf6+ Ke7
15. Ng4 Nd4 16. Nxe5 Nxf3 17. Ngxf3 Bd6 18. Bc6 Bxc6 19. Nxc6+ Ke8 20. g3 f6
21. Kg2 Kd7 22. Ncd4 a6 23. Rhe1 Rhe8 24. Nh4 Re7 25. f4 Rg8 26. f5 e5 27. Ne6
Rxe6 28. fxe6+ Kxe6 29. h3 f5 30. Rf1 f4 31. g4 e4 32. Rxd6+ Kxd6 33. Rxf4 Ke5
34. Rf5+ Kd4 35. b3 Rd8 36. Kf2 Kd3 37. Rd5+ Rxd5 38. cxd5 Kd2 39. Nf5 Kd3 40.
g5 e3+ 41. Nxe3 Ke4 42. h4 Kf4 43. a4 a5 44. Ng2+ Ke5 45. Ne3 Kf4 46. Ke2 Ke4
47. h5 Ke5 48. Kd3 Kd6 49. g6 hxg6 50. h6 1-0

[Event "Golden Jubilee Club Championship"]
[Site "Box Hill"]
[Date "2002.04.19"]
[Round "2.27"]
[White "Carey, Peter"]
[Black "Stojic, Dusan"]
[Result "0-1"]
[WhiteElo "1455"]
[BlackElo "1587"]
[Annotator "sf"]
[PlyCount "68"]
[EventDate "2002.04.12"]

1. e4 c5 2. Nf3 d6 3. Bb5+ Bd7 4. Bxd7+ Qxd7 5. O-O g6 6. e5 Bg7 7. exd6 Qxd6
8. c3 Nc6 9. d3 Rd8 10. Qb3 b6 11. Rd1 Nf6 12. Qb5 O-O 13. Be3 Ne5 14. Nxe5
Qxe5 15. d4 Qc7 16. Qa4 Ng4 17. g3 Nxe3 18. fxe3 Bh6 19. e4 Be3+ 20. Kg2 Qb7
21. d5 e6 22. Kf3 Bh6 23. c4 f5 24. Nc3 fxe4+ 25. Kxe4 exd5+ 26. cxd5 Qf7 27.
Kd3 Rxd5+ 28. Kc2 Rh5 29. h4 Rf5 30. Ne4 Re5 31. Rd7 Qf5 32. Re1 Rfe8 33. Qc4+
Kh8 34. Rd5 Rxd5 0-1

[Event "Golden Jubilee Club Championship"]
[Site "Box Hill"]
[Date "2002.04.19"]
[Round "2.28"]
[White "Chong, Trevor"]
[Black "Simpson, Bruce"]
[Result "1/2-1/2"]
[WhiteElo "1245"]
[BlackElo "1418"]
[Annotator "sf"]
[PlyCount "49"]
[EventDate "2002.04.12"]

1. e4 d5 2. exd5 Qxd5 3. Nc3 Qa5 4. Nf3 Nf6 5. d4 c6 6. Bd2 Qc7 7. Bc4 Bg4 8.
Qe2 e6 9. d5 cxd5 10. Bxd5 Be7 11. Qb5+ Nc6 12. Bf4 Qb6 13. Bxc6+ bxc6 14. Qxb6
axb6 15. Ne5 c5 16. Nxg4 Nxg4 17. O-O O-O 18. Ne4 h6 19. Rfd1 g5 20. Bd6 Bxd6
21. Rxd6 Rab8 22. h3 f5 23. hxg4 fxe4 24. Rad1 Rf6 25. Re1 1/2-1/2

[Event "Golden Jubilee Club Championship"]
[Site "Box Hill"]
[Date "2002.04.19"]
[Round "2.29"]
[White "Kloprogge, Ion"]
[Black "Vijayakumar, Rukman"]
[Result "1-0"]
[WhiteElo "1410"]
[BlackElo "1250"]
[Annotator "sf"]
[PlyCount "85"]
[EventDate "2002.04.12"]

1. d4 Nf6 2. c4 g6 3. Nc3 Bg7 4. Nf3 O-O 5. g3 d6 6. Bg2 Ne8 7. O-O Nd7 8. a4
e5 9. e4 a5 10. Be3 h6 11. Qd2 Kh7 12. Nh4 Qe7 13. Nd5 Qd8 14. Nf3 c6 15. Nc3
Nb6 16. b3 f5 17. dxe5 fxe4 18. Nxe4 d5 19. Rac1 Bg4 20. Nf6+ Nxf6 21. exf6
Rxf6 22. Ne5 Be6 23. f4 Nd7 24. cxd5 Nxe5 25. dxe6 Qxd2 26. Bxd2 Nd3 27. Rc3
Rd8 28. e7 Rfd6 29. exd8=Q Rxd8 30. Rc2 Bd4+ 31. Kh1 Nf2+ 32. Rxf2 Bxf2 33. Bf3
Bb6 34. Bg4 h5 35. Be6 Rd3 36. Kg2 Rd8 37. Bc4 Rd4 38. Bc3 Re4 39. Rd2 Re7 40.
Bf6 Re8 41. Rd7+ Kh6 42. Bg7+ Kh7 43. Bd4+ 1-0

[Event "Golden Jubilee Club Championship"]
[Site "Box Hill"]
[Date "2002.04.19"]
[Round "2.30"]
[White "Muthusamy, Reubban"]
[Black "Wan, James"]
[Result "1-0"]
[WhiteElo "1186"]
[BlackElo "1399"]
[Annotator "sf"]
[PlyCount "99"]
[EventDate "2002.04.12"]

1. e4 c5 2. Nf3 b6 3. d4 e6 4. Be3 cxd4 5. Bxd4 Bb7 6. Nc3 Nc6 7. Bd3 Nf6 8.
O-O Bb4 9. Bxf6 Qxf6 10. Qd2 Rc8 11. a3 Bxc3 12. Qxc3 Qxc3 13. bxc3 Na5 14.
Rfd1 Rxc3 15. Ne5 Rc7 16. Rd2 f6 17. Nf3 O-O 18. Rad1 Rd8 19. Be2 Bxe4 20. Nd4
Bd5 21. Bf3 Bxf3 22. gxf3 Kf7 23. Re1 e5 24. Nb5 Rc5 25. Nd6+ Ke6 26. f4 Rd5
27. Rxd5 Kxd5 28. Rd1+ Ke6 29. f5+ Ke7 30. Kg2 Nc6 31. f4 Nd4 32. fxe5 fxe5 33.
c3 Kxd6 34. cxd4 exd4 35. Rxd4+ Ke5 36. Rh4 h6 37. Rg4 Rg8 38. Ra4 a5 39. Rh4
Kxf5 40. Rh5+ Kg4 41. Rb5 Re8 42. Kf2 Re6 43. Rd5 d6 44. Rb5 Re4 45. Rxb6 d5
46. Rg6+ Kh3 47. Rd6 d4 48. Rd5 Kxh2 49. Rh5+ Rh4 50. Rxh4# 1-0

[Event "Golden Jubilee Club Championship"]
[Site "Box Hill"]
[Date "2002.04.19"]
[Round "2.31"]
[White "Mihalopoulos, Tony"]
[Black "Petrou, Anthony"]
[Result "1-0"]
[WhiteElo "1381"]
[BlackElo "1208"]
[Annotator "sf"]
[PlyCount "99"]
[EventDate "2002.04.12"]

1. d4 e6 2. Nc3 c5 3. Nf3 Qb6 4. Na4 Qa5+ 5. c3 b5 6. Nxc5 Bxc5 7. dxc5 b4 8.
Qb3 bxc3 9. Qxc3 Qxc3+ 10. bxc3 Nf6 11. Nd2 Na6 12. Ba3 Nd5 13. Rc1 Ndb4 14.
cxb4 Bb7 15. Nc4 O-O 16. b5 Nc7 17. c6 dxc6 18. Bxf8 cxb5 19. Nd6 Bd5 20. Rxc7
Rxf8 21. Rxa7 b4 22. f3 h6 23. e4 Bc6 24. Bc4 Rd8 25. e5 Bd5 26. Bxd5 exd5 27.
Rxf7 Rxd6 28. exd6 Kxf7 29. O-O Ke6 30. Rb1 Kxd6 31. Rxb4 Kc5 32. Rb8 d4 33.
Kf2 Kc4 34. Ke2 Kc3 35. Rb3+ Kc4 36. Kd2 g5 37. Rb8 h5 38. a4 g4 39. f4 h4 40.
f5 g3 41. h3 Kd5 42. Kd3 Ke5 43. a5 Kxf5 44. Kxd4 Kf4 45. Rf8+ Kg5 46. Ke5 Kg6
47. a6 Kg7 48. Rf4 Kg6 49. Rxh4 Kg5 50. Rg4+ 1-0

[Event "Golden Jubilee Club Championship"]
[Site "Box Hill"]
[Date "2002.04.19"]
[Round "2.32"]
[White "Burak, Mehmed"]
[Black "Nincevic, Anton"]
[Result "1-0"]
[WhiteElo "1167"]
[BlackElo "1368"]
[Annotator "sf"]
[PlyCount "69"]
[EventDate "2002.04.12"]

1. d4 d5 2. Nf3 h6 3. c4 c6 4. e3 Nf6 5. Nc3 Bf5 6. cxd5 cxd5 7. Bb5+ Bd7 8.
Bxd7+ Nbxd7 9. Qa4 e6 10. O-O Be7 11. Ne5 a6 12. Qb3 Rb8 13. Bd2 O-O 14. f3 Qb6
15. Nxd7 Qxb3 16. Nxf6+ Bxf6 17. axb3 Rbc8 18. Na4 Rc6 19. Nc5 b5 20. Nd7 Rfc8
21. Nxf6+ gxf6 22. Rfc1 e5 23. Rxc6 Rxc6 24. Rc1 Rxc1+ 25. Bxc1 Kf8 26. e4 dxe4
27. d5 f5 28. fxe4 f4 29. Bd2 Ke7 30. Kf2 f6 31. g3 fxg3+ 32. hxg3 h5 33. Kg2
Kd6 34. Bb4+ Kd7 35. Kh3 1-0

[Event "Golden Jubilee Club Championship"]
[Site "Box Hill"]
[Date "2002.04.19"]
[Round "2.33"]
[White "Gombik, Louis"]
[Black "Sellayah, Renishka"]
[Result "1-0"]
[WhiteElo "1366"]
[BlackElo "1182"]
[Annotator "sf"]
[PlyCount "81"]
[EventDate "2002.04.12"]

1. e4 c6 2. d4 d5 3. e5 Bf5 4. Be2 Nd7 5. c3 e6 6. Nf3 Be7 7. Nbd2 c5 8. O-O
Nh6 9. h3 O-O 10. Nb3 c4 11. Bxh6 cxb3 12. Be3 bxa2 13. Rxa2 Re8 14. Qd2 h6 15.
Kh2 a6 16. Rg1 Bh7 17. g4 Kh8 18. g5 h5 19. Nh4 g6 20. Nf3 Nb6 21. h4 Qc7 22.
Bf4 Rec8 23. Raa1 Nd7 24. Bg3 Nb8 25. Qf4 Kg8 26. Ne1 Qb6 27. Nd3 Nd7 28. Qd2
a5 29. Bd1 Qc6 30. Nf4 b5 31. Bxh5 gxh5 32. Nxh5 Nf8 33. Nf6+ Kh8 34. h5 Bxf6
35. gxf6 Nd7 36. Bf4 Qc7 37. Bh6 Bf5 38. Bg7+ Kg8 39. Bh6+ Kh8 40. Bg7+ Kg8 41.
Qh6 1-0

[Event "Golden Jubilee Club Championship"]
[Site "Box Hill"]
[Date "2002.04.19"]
[Round "2.34"]
[White "Fielder, Shaun"]
[Black "Tischman, Fred"]
[Result "1/2-1/2"]
[WhiteElo "1162"]
[BlackElo "1348"]
[Annotator "sf"]
[PlyCount "105"]
[EventDate "2002.04.12"]

1. d4 d5 2. c4 dxc4 3. e3 b5 4. a4 Bd7 5. axb5 Bxb5 6. Nc3 c6 7. Nxb5 cxb5 8.
Qf3 Nd7 9. Bd2 e6 10. Qc6 Qb8 11. Nf3 Ne7 12. Qe4 Nf6 13. Qc2 Nc6 14. Be2 Be7
15. O-O O-O 16. Rfb1 Nb4 17. Bxb4 Bxb4 18. Ne5 Qb6 19. b3 c3 20. Nd3 Qd6 21.
Nxb4 Qxb4 22. Rc1 Rfc8 23. Bf3 Rab8 24. Rxa7 h5 25. Rb7 Rxb7 26. Bxb7 Rc7 27.
Ra1 g6 28. Bf3 Kg7 29. Kf1 Qe7 30. Ke2 b4 31. Qd3 Ra7 32. Rc1 Ra2+ 33. Rc2
Rxc2+ 34. Qxc2 Qa7 35. Qb1 Qa6+ 36. Ke1 Qa3 37. Kd1 Qa6 38. Be2 Qd6 39. g3 e5
40. Qd3 e4 41. Qc4 Ng4 42. Bxg4 hxg4 43. Qc5 Qf6 44. Qe5 Qxe5 45. dxe5 Kf8 46.
Kc2 Ke7 47. Kd1 Ke6 48. Kc2 Kxe5 49. Kd1 f5 50. Ke2 g5 51. Kd1 f4 52. Ke2 fxe3
53. fxe3 1/2-1/2

[Event "Golden Jubilee Club Championship"]
[Site "Box Hill"]
[Date "2002.04.19"]
[Round "2.35"]
[White "Alamanos, John"]
[Black "Van Dijk, Devrim"]
[Result "1/2-1/2"]
[WhiteElo "1336"]
[BlackElo "1082"]
[Annotator "sf"]
[PlyCount "154"]
[EventDate "2002.04.12"]

1. b3 e5 2. Bb2 d5 3. Bxe5 Nc6 4. Bb2 Nf6 5. Nf3 Bf5 6. Nd4 Nxd4 7. Bxd4 c5 8.
Bb2 Bd6 9. e3 O-O 10. d4 b6 11. Bd3 Bxd3 12. Qxd3 Ng4 13. g3 Qf6 14. Qe2 Qg5
15. Nd2 Rfe8 16. Nf3 Qh6 17. O-O-O c4 18. Kb1 b5 19. h3 Nf6 20. g4 Ne4 21. Nd2
Nxd2+ 22. Qxd2 b4 23. Qe2 c3 24. Bc1 a5 25. e4 Qe6 26. e5 Reb8 27. f4 a4 28. f5
Qe8 29. Qf3 axb3 30. cxb3 c2+ 31. Kxc2 Rxa2+ 32. Kb1 Rba8 33. exd6 Qc6 34. Bb2
R2a5 35. Rc1 Qa6 36. Rc5 Qxd6 37. Qxd5 Qxd5 38. Rxd5 Rxd5 39. Rc1 Re8 40. Rc4
Rb8 41. Bc1 Kf8 42. Bd2 Ke8 43. Kb2 Kd7 44. Bxb4 Rdb5 45. Kc3 Rc8 46. Bc5 Rcb8
47. b4 g6 48. d5 gxf5 49. gxf5 Rg8 50. Rg4 Rxg4 51. hxg4 Rb8 52. g5 Rg8 53. Be3
Kd6 54. Kd4 Ke7 55. Ke5 Rb8 56. Bc5+ Kd7 57. Kf6 Rg8 58. b5 Rc8 59. Ba7 Rc7 60.
b6 Rb7 61. Kxf7 Kd6+ 62. Kf6 Kxd5 63. g6 hxg6 64. fxg6 Kc6 65. g7 Rxg7 66. Kxg7
Kb7 67. Kf7 Ka8 68. Ke6 Kb7 69. Kd7 Ka8 70. Bb8 Kxb8 71. Kc6 Kc8 72. Kb5 Kb7
73. Kc5 Kc8 74. Kb5 Kb8 75. Kc5 Kb7 76. Kb5 Kb8 77. Ka6 Ka8 1/2-1/2

[Event "Golden Jubilee Club Championship"]
[Site "Box Hill"]
[Date "2002.04.19"]
[Round "2.36"]
[White "Chan, Robert K"]
[Black "Endo, Kohei"]
[Result "0-1"]
[WhiteElo "1114"]
[BlackElo "1329"]
[Annotator "sf"]
[PlyCount "58"]
[EventDate "2002.04.12"]

1. e4 d5 2. e5 f6 3. f4 Bf5 4. d4 e6 5. Nf3 c5 6. c3 Nh6 7. Be2 Be7 8. O-O Nc6
9. Kh1 Qc7 10. Be3 O-O-O 11. Bg1 Ng4 12. Nh4 h5 13. Nxf5 exf5 14. Bxg4 hxg4 15.
Qd3 g6 16. Bf2 Bd6 17. Bg3 fxe5 18. fxe5 Be7 19. e6 Bd6 20. Kg1 f4 21. Bf2 g3
22. hxg3 Qh7 23. Be1 fxg3 24. Bxg3 Bxg3 25. Qxg3 Qh1+ 26. Kf2 Rdf8+ 27. Qf3
Rxf3+ 28. gxf3 Rh2+ 29. Ke1 Qg2 0-1

[Event "Golden Jubilee Club Championship"]
[Site "Box Hill"]
[Date "2002.04.19"]
[Round "2.37"]
[White "Martin, Richard"]
[Black "Loizou, Loizos"]
[Result "0-1"]
[WhiteElo "919"]
[BlackElo "1282"]
[Annotator "sf"]
[PlyCount "90"]
[EventDate "2002.04.12"]

1. e4 c5 2. Nc3 e5 3. g3 Nf6 4. Bg2 g6 5. d3 Bg7 6. Be3 d6 7. Nd5 Nxd5 8. exd5
O-O 9. c3 Qb6 10. Qb3 Qxb3 11. axb3 Bf5 12. Kd2 Nd7 13. Ne2 a5 14. Ra2 Ra6 15.
Rha1 Rc8 16. c4 Nf6 17. Nc3 Bd7 18. h3 h5 19. Kc2 Kh7 20. Kd2 Bh6 21. Bxh6 Kxh6
22. Ke3 Kg7 23. Kd2 Kf8 24. Ke3 Ke7 25. Ke2 Ne8 26. f3 Ng7 27. g4 b6 28. Ne4 f5
29. Nf2 Rh8 30. g5 h4 31. Bh1 Nh5 32. Rg1 Ng3+ 33. Kd2 Rh5 34. Re1 Kf7 35. Raa1
Rxg5 36. Rg1 a4 37. Nd1 Ne4+ 38. fxe4 Rxg1 39. Bf3 fxe4 40. dxe4 Bxh3 41. Rxa4
Rxa4 42. bxa4 Bd7 43. Nc3 h3 44. Ne2 Rb1 45. Kc2 Rf1 0-1

[Event "Golden Jubilee Club Championship"]
[Site "Box Hill"]
[Date "2002.04.19"]
[Round "2.38"]
[White "Benjamin, Frank"]
[Black "Wallis, Christopher"]
[Result "0-1"]
[WhiteElo "1263"]
[BlackElo "928"]
[Annotator "sf"]
[PlyCount "110"]
[EventDate "2002.04.12"]

1. d4 Nf6 2. Nf3 b6 3. c4 e6 4. Nc3 Bb4 5. Qc2 Bb7 6. a3 Bxc3+ 7. Qxc3 Ne4 8.
Qc2 d6 9. e3 Nd7 10. Bd3 Ng5 11. Nxg5 Qxg5 12. Be4 c6 13. O-O f5 14. Bf3 Qf6
15. Re1 h6 16. b4 g5 17. Bh5+ Ke7 18. Bb2 d5 19. f3 Rhc8 20. e4 f4 21. e5 Qg7
22. c5 b5 23. Re2 Rf8 24. Bc3 Rf5 25. h3 Rh8 26. Rf1 Qh7 27. Kh2 Rff8 28. Qxh7+
Rxh7 29. g4 Nb8 30. Be1 Bc8 31. Bg6 Rg7 32. Bc2 Bd7 33. h4 Rh8 34. h5 Be8 35.
Rh1 a6 36. Kg1 Kd8 37. Rh4 Ke7 38. Rhh2 Kd8 39. Rh3 Ke7 40. Bb3 Bf7 41. Ra2 Rc8
42. Bc2 Rc7 43. Bd3 Bg8 44. Rah2 Bf7 45. Bg6 Rc8 46. Bh4 Rh8 47. Bxg5+ hxg5 48.
h6 Rxg6 49. h7 Rg7 50. Rh6 Bg6 51. Kg2 Rhxh7 52. Rxg6 Rxh2+ 53. Kxh2 Rxg6 54.
Kg2 Rh6 55. Kf2 Rh2+ 0-1

[Event "Golden Jubilee Club Championship"]
[Site "Box Hill"]
[Date "2002.04.19"]
[Round "2.42"]
[White "Cocks, James"]
[Black "Loo, Jonathan"]
[Result "1/2-1/2"]
[WhiteElo "594"]
[BlackElo "1020"]
[Annotator "sf"]
[PlyCount "71"]
[EventDate "2002.04.12"]

1. e4 e5 2. Nf3 d6 3. Bc4 Be6 4. Bxe6 fxe6 5. d3 Nf6 6. Bg5 Be7 7. Bxf6 Bxf6 8.
Nc3 Nc6 9. Ne2 O-O 10. Ng3 d5 11. Nh5 Bg5 12. Nxg5 Qxg5 13. O-O Nd4 14. a4 Rac8
15. f3 Qxh5 16. c3 Nc6 17. c4 dxc4 18. dxc4 Rfd8 19. Qb3 Na5 20. Qb5 b6 21. Qa6
Qg5 22. Qxa7 Nxc4 23. Qb7 Nxb2 24. Qc6 Qe3+ 25. Kh1 Rd6 26. Qc2 Rd2 27. Qc6 Qb3
28. Ra3 Rd1 29. Rg1 Rxg1+ 30. Kxg1 Qd1+ 31. Kf2 Qd4+ 32. Kg3 Qd6 33. Qb7 Rf8
34. Rc3 Nxa4 35. Ra3 Nb2 36. Ra6 1/2-1/2

[Event "Golden Jubilee Club Championship"]
[Site "Box Hill"]
[Date "2002.04.19"]
[Round "2.43"]
[White "Fell, Samuel"]
[Black "Wong, Stephanie"]
[Result "1/2-1/2"]
[WhiteElo "1012"]
[BlackElo "568"]
[Annotator "sf"]
[PlyCount "59"]
[EventDate "2002.04.12"]

1. d4 d5 2. c4 e6 3. Nc3 Nf6 4. cxd5 Nxd5 5. e4 Nf6 6. Bg5 Be7 7. Nf3 h6 8. Bf4
Nc6 9. Be2 b6 10. O-O Bb7 11. Rc1 Na5 12. Qc2 Bb4 13. Nb5 O-O 14. e5 Nd5 15.
Bd2 Bxd2 16. Qxd2 Re8 17. Rc2 a6 18. Nc3 Nxc3 19. Rxc3 Re7 20. Rfc1 Rc8 21. b4
Nc6 22. Rxc6 Bxc6 23. Rxc6 Qd7 24. Qc2 Kh8 25. Bxa6 Ra8 26. Bd3 Rc8 27. a4 Kg8
28. Nd2 Qxd4 29. Nf3 Qa1+ 30. Qb1 1/2-1/2

[Event "Golden Jubilee Club Championship"]
[Site "Box Hill"]
[Date "2002.04.19"]
[Round "2.44"]
[White "Leung, James"]
[Black "Yap, Jonathan"]
[Result "0-1"]
[WhiteElo "501"]
[BlackElo "1003"]
[Annotator "sf"]
[PlyCount "160"]
[EventDate "2002.04.12"]

1. e4 e5 2. Nf3 Nf6 3. Nc3 Bc5 4. d4 exd4 5. Nxd4 Bxd4 6. Qxd4 Nc6 7. Qd1 Qe7
8. Bd3 b6 9. O-O Bb7 10. Re1 O-O-O 11. Bf4 Nd4 12. Nd5 Nxd5 13. exd5 Qh4 14.
Bg3 Qg5 15. c4 h5 16. Re5 f5 17. h4 Qf6 18. Re1 f4 19. Be4 fxg3 20. fxg3 Nf5
21. Rf1 Ne3 22. Rxf6 Nxd1 23. Rf4 Nxb2 24. Rc1 Rdf8 25. Rxf8+ Rxf8 26. c5 d6
27. c6 Ba6 28. Bg6 Nd3 29. Rd1 Nf2 30. Ra1 Be2 31. Re1 Bg4 32. Rf1 Nh3+ 33.
gxh3 Rxf1+ 34. Kxf1 Bxh3+ 35. Kf2 Bg4 36. Ke3 Kb8 37. Kf4 a5 38. Kg5 Bf3 39.
Bxh5 Bxd5 40. a3 Bxc6 41. Bf7 Be4 42. h5 c5 43. Bg6 d5 44. Kf4 Bxg6 45. hxg6 c4
46. Ke5 c3 47. Ke6 c2 48. Kf7 c1=Q 49. Kxg7 Qc7+ 50. Kh6 d4 51. g7 Qc6+ 52. Kh7
Qe4+ 53. Kh8 Qe5 54. Kh7 Qe7 55. Kh8 Qf6 56. Kh7 Qf7 57. Kh8 Qxg7+ 58. Kxg7 d3
59. g4 d2 60. g5 d1=Q 61. g6 Qd8 62. Kh7 Qe8 63. g7 Qe4+ 64. Kh8 Qh4+ 65. Kg8
Qg5 66. Kh7 b5 67. g8=Q+ Qxg8+ 68. Kxg8 b4 69. axb4 axb4 70. Kf7 b3 71. Ke6 b2
72. Kd5 b1=Q 73. Kc4 Qf5 74. Kb4 Qd5 75. Ka4 Qb7 76. Ka3 Kc7 77. Ka2 Kc6 78.
Ka1 Kc5 79. Ka2 Kc4 80. Ka3 Qb3# 0-1

[Event "Golden Jubilee Club Championship"]
[Site "Box Hill"]
[Date "2002.04.19"]
[Round "2.46"]
[White "Leong, Melford"]
[Black "Fell, Nathan"]
[Result "1-0"]
[WhiteElo "656"]
[BlackElo "840"]
[Annotator "sf"]
[PlyCount "45"]
[EventDate "2002.04.12"]

1. e4 c5 2. Nf3 d6 3. d4 cxd4 4. Nxd4 Nf6 5. Nc3 a6 6. Bd3 e5 7. Nf5 g6 8. Ng3
Be6 9. b3 Bg7 10. O-O O-O 11. Bc4 Bxc4 12. bxc4 Nc6 13. Bg5 Rc8 14. Be3 Ne7 15.
Rb1 Rxc4 16. Qd3 Rc7 17. Bb6 Rxc3 18. Qxc3 Qd7 19. Rfd1 Rc8 20. Qa3 Rxc2 21.
Rxd6 Qg4 22. Rd8+ Bf8 23. Qxe7 1-0